The mystery of godliness. (Record no. 13082)

000 -LEADER
fixed length control field 00760nam a2200205 a 4500
001 - CONTROL NUMBER
control field :::00010900$&:&@@
003 - CONTROL NUMBER IDENTIFIER
control field OkBaRHE
005 - DATE AND TIME OF LATEST TRANSACTION
control field 20000607103403.0
008 - FIXED-LENGTH DATA ELEMENTS--GENERAL INFORMATION
fixed length control field s1964 j 000 0 eng u
040 ## - CATALOGING SOURCE
Transcribing agency
100 1# - MAIN ENTRY--PERSONAL NAME
Personal name Thomas, W. Ian.
245 14 - TITLE STATEMENT
Title The mystery of godliness.
260 ## - PUBLICATION, DISTRIBUTION, ETC. (IMPRINT)
Place of publication, distribution, etc Grand Rapids, MI., :
Name of publisher, distributor, etc Zondervan Publishing Co.
Date of publication, distribution, etc c1964
300 ## - PHYSICAL DESCRIPTION
Extent 143 p. ;
Dimensions 18 cm.
650 ## - SUBJECT ADDED ENTRY--TOPICAL TERM
Topical term or geographic name as entry element Christian Life
942 ## - ADDED ENTRY ELEMENTS (KOHA)
Source of classification or shelving scheme
Koha item type Books
Copies
Shelving location Withdrawn status Date last seen Price effective from Barcode Permanent Location Lost status Date acquired Copy number Koha item type Not for loan Source of classification or shelving scheme Damaged status Full call number
General Stacks 2010-04-142010-04-1410900RHEMA Bible Training College 2010-04-141Books   BV 4501.2 .T47
General Stacks 2010-04-142010-04-1415239RHEMA Bible Training College 2010-04-142Books   BV 4501.2 .T47
General Stacks 2010-04-142010-04-1420693RHEMA Bible Training College 2010-04-143Books   BV 4501.2 .T47